| LEADER |
01591nam0a2200205 450 |
| 001 |
16823468 |
| 010 |
|
|
|a 978-2-07-017829-2
|b br.
|d 22,5
|
| 100 |
|
|
|a 20151222d2026 u u0frey01 ba
|
| 101 |
0 |
|
|a fre
|
| 102 |
|
|
|a FR
|
| 200 |
0 |
|
|a Je dirai malgré tout que cette vie fut belle
|f Jean d'Ormesson,...
|
| 207 |
|
1 |
|a
|
| 210 |
|
|
|a Paris
|b 5 rue Sébastien Bottin.
|c Gallimard
|d DL 2015
|
| 215 |
|
|
|a 1 vol. (484 p.)
|d 21 cm
|
| 300 |
|
|
|a Index,Index
|
| 330 |
|
|
|a Pour se défendre dans un procès quil sintente à lui-même, lauteur fait défiler au galop un passé évanoui. Il va de lâge dor dun classicisme qui règne sur lEurope à leffondrement de ce «monde dhier» si cher à Stefan Zweig. De Colbert, Fouquet, Bossuet ou Racine à François Mitterrand, Raymond Aron, Paul Morand et Aragon. Mais les charmes dune vie et les tourbillons de lhistoire ne suffisent pas à laccusé : «Vous nimaginiez tout de même pas que jallais me contenter de vous débiter des souvenirs denfance et de jeunesse ? Je ne me mets pas très haut, mais je ne suis pas tombé assez bas pour vous livrer ce quon appelle des Mémoires.» Les aventures dun écrivain qui a aimé le bonheur et le plaisir en dépit de tant de malheurs cèdent peu à peu la place à un regard plus grave sur le drame qui ne cesse jamais de se jouer entre le temps et léternité, et qui nous emportera.
|
| 700 |
|
0 |
|a Ormesson
|b Jean d'
|f 1925-....
|4 70
|
| 900 |
|
|
|a Roman
|
| 901 |
|
|
|a Accessible au prêt
|
| 995 |
|
|
|a Bibliothèque
|c Bibliothèque
|f 024016536
|h 024016536
|k R ORM
|o p
|q a
|r az
|e Bibliothèque
|